00392nam a2200157Ia 4500003000400000005001700004008004100021040000700062041000800069082002200077100004200099245001800141260004300159300001200202650002000214OSt20230418162138.0210423s2008 xx 000 0 und d cAL akan a361.6K 223bSKOU aSchool of social work, Roshani Nilaya aUttama alvike aMangalorebSchool of Social Workc2008 a263bPB aSocial Problems